000 00549nam a2200193Ia 4500
003 GCL
008 140319s9999 xx 000 0 ara d
040 _aGCL /
_cGCL
082 0 4 _a510.1
_bم ف
100 1 _aمحمد ثابت الفندى
245 1 0 _aفلسفة الرياضة /
_cمحمد ثابت الفندى
300 _a197 ص
490 _a
650 0 4 _aالجبر
650 0 4 _aالاعداد (نظرية)
650 0 4 _aالرياضيات - فلسفة
650 0 4 _aالهندسة - الطرق الرياضية
942 _2ddc
_cBK
999 _c39149
_d39149